000 00418nam a2200181Ia 4500
003 IT-RoPAU
005 20220918175404.0
008 120407s9999 xx 000 0 und d
040 _aIT-RoPAU
040 _cIT-RoPAU
100 _aCh. Hauret
_934287
245 _aOrigini dell'universo e dell'uomo secondo la Bibbia
250 _aTorino
260 _aMarietti
300 _c cm
490 _v1
942 _cBK
_2ddc
999 _c8136
_d8136